| 000 | 00390nam a2200157Ia 4500 | ||
|---|---|---|---|
| 008 | 130318s9999 xx 000 0 und d | ||
| 020 | _a8178082799 | ||
| 082 | _a511.1 JOH/D | ||
| 100 | _aJohnsonbaugh, Richard | ||
| 245 | _aDiscrete mathematics | ||
| 250 | _a5 | ||
| 260 |
_bPearson Education _aNew Delhi _c2005 |
||
| 300 | _a621 | ||
| 650 | _aDISCRETE MATHEMATICS | ||
| 650 | _aMATHEMATICS | ||
| 999 |
_c1045 _d1045 |
||